Tess of the d'Urbervilles
Furkejuvvon:
| Váldodahkki: | |
|---|---|
| Materiálatiipa: | Girji |
| Giella: | eaŋgalasgiella |
| Almmustuhtton: |
Oxford
Oxford University
1989
|
| Ráidu: | Oxford Bookworms. Black Series, 6
|
| Fáttát: | |
| Fáddágilkorat: |
Lasit fáddágilkoriid
Eai fáddágilkorat, Lasit vuosttaš fáddágilkora!
|
MARC
| LEADER | 00000nam a2200000 a 4500 | ||
|---|---|---|---|
| 001 | UCO6102 | ||
| 003 | CL-VaPUC | ||
| 008 | 001006e19890000UK |||||||||||||||||eng|d | ||
| 082 | 0 | 4 | |a 823 |b HAR |2 21 |
| 100 | |a Hardy, Thomas, |d 1840-1928 |e author |9 418616 | ||
| 245 | 1 | 0 | |a Tess of the d'Urbervilles |
| 300 | |a 124 p | ||
| 942 | |c BK | ||
| 945 | |d 20001006 00:00:00 |a vberengu | ||
| 260 | |a Oxford |b Oxford University |c 1989 | ||
| 650 | 0 | |a Novelas inglesas |9 265220 | |
| 650 | 0 | |a Literatura inglesa |9 312907 | |
| 583 | |a last modification |c 20001006 00:00:00 |k Rodrigo Vera | ||
| 490 | 0 | |a Oxford Bookworms. Black Series, 6 | |
| 999 | |c 291889 |d 291887 | ||
| 952 | |0 0 |1 0 |4 0 |6 823_000000000000000_HAR_1989 |7 0 |8 A |9 342177 |a BIBEDU |b BIBEDU |d 2019-11-20 |i 3649210 |o 823 HAR 1989 |p 3649210 |r 2019-11-20 |w 2019-11-20 |y BK |k LIT | ||